[Event "HUN-chT2 Breyer 1819"]
[Site "Hungary"]
[Date "2018.10.28"]
[Round "1.2"]
[White "Sugar, Gabor"]
[Black "Bihari, Mihaly"]
[Result "1-0"]
[WhiteElo "2281"]
[BlackElo "1931"]
[PlyCount "81"]
[EventDate "2018.10.28"]
[EventType "team-tourn"]
[EventRounds "9"]
[EventCountry "HUN"]
[SourceTitle "CBM 189 Extra"]
[Source "ChessBase"]
[SourceDate "2019.06.03"]
[SourceVersion "1"]
[SourceVersionDate "2019.06.03"]
[SourceQuality "1"]
[WhiteTeam "Paty"]
[BlackTeam "Budapest HASE"]
[WhiteTeamCountry "HUN"]
[BlackTeamCountry "HUN"]

1. e4 c5 2. Nc3 Nc6 3. g3 g6 4. Bg2 Bg7 5. d3 Nf6 6. Be3 d6 7. h3 Rb8 8. f4 Nd4 9. Nce2 e5 10. c3 Nxe2 11. Nxe2 Nh5 12. f5 Nf6 13. g4 h6 14. Ng3 Bd7 15. Qd2 g5 16. Bf3 Bc6 17. 0-0-0 Qa5 18. Kb1 d5 19. exd5 Nxd5 20. Be4 f6 21. h4 Kf7 22. hxg5 Nxe3 23. Qxe3 hxg5 24. Bxc6 bxc6 25. Ne4 Rxh1 26. Rxh1 Qb6 27. Rh2 Rd8 28. Nxc5 Rd5 29. d4 Qb5 30. Rh1 Qb8 31. Ne6 exd4 32. cxd4 Rd7 33. Qh3 Qg8 34. Qh5+ Ke7 35. Re1 Kd6 36. Qh2+ Kd5 37. Qg2+ Kd6 38. Qg3+ Kd5 39. Qb3+ Kd6 40. Qb4+ Kd5 41. Qc5# 1-0

[Event "HUN-chT2 Breyer 1718"]
[Site "Hungary"]
[Date "2018.03.04"]
[Round "9.2"]
[White "Sugar, Gabor"]
[Black "Somogyi, Istvan"]
[Result "1-0"]
[WhiteElo "2273"]
[BlackElo "2146"]
[PlyCount "67"]
[EventDate "2017.09.24"]
[EventType "team-tourn"]
[EventRounds "11"]
[EventCountry "HUN"]
[SourceTitle "EXT 2021"]
[Source "ChessBase"]
[SourceDate "2020.10.23"]
[SourceVersion "1"]
[SourceVersionDate "2020.10.23"]
[SourceQuality "1"]
[WhiteTeam "Paty"]
[BlackTeam "Vizugy"]
[WhiteTeamCountry "HUN"]
[BlackTeamCountry "HUN"]

1. d4 Nf6 2. c4 e6 3. Nc3 Bb4 4. f3 c5 5. a3 Bxc3+ 6. bxc3 b6 7. e4 d6 8. Bd3 Nbd7 9. Ne2 e5 10. 0-0 0-0 11. d5 Ne8 12. Ng3 g6 13. Bh6 Ng7 14. Qd2 f6 15. a4 Rf7 16. Rfb1 a5 17. Qf2 Qc7 18. Ra2 Ba6 19. Rab2 Raf8 20. Nf1 f5 21. exf5 gxf5 22. Ne3 e4 23. Bc2 f4 24. Ng4 Nf6 25. Rxb6 Nxg4 26. fxg4 Bxc4 27. Bxe4 Qe7 28. Bf5 Bxd5 29. Qxf4 Re8 30. Rxd6 Nxf5 31. gxf5 Qe4 32. Qxe4 Bxe4 33. Re6 Rxe6 34. Rb8+ 1-0

[Event "HUN-chT2 Breyer 1718"]
[Site "Hungary"]
[Date "2017.10.08"]
[Round "2.2"]
[White "Seres, Bela"]
[Black "Sugar, Gabor"]
[Result "1/2-1/2"]
[WhiteElo "2219"]
[BlackElo "2273"]
[PlyCount "36"]
[EventDate "2017.09.24"]
[EventType "team-tourn"]
[EventRounds "11"]
[EventCountry "HUN"]
[SourceTitle "EXT 2021"]
[Source "ChessBase"]
[SourceDate "2020.10.23"]
[SourceVersion "1"]
[SourceVersionDate "2020.10.23"]
[SourceQuality "1"]
[WhiteTeam "Budapest HASE"]
[BlackTeam "Paty"]
[WhiteTeamCountry "HUN"]
[BlackTeamCountry "HUN"]

1. e4 e5 2. Nc3 Nf6 3. Nf3 Nc6 4. Bb5 d6 5. d4 exd4 6. Nxd4 Bd7 7. 0-0 h6 8. b3 Be7 9. Bb2 Nxd4 10. Qxd4 Bxb5 11. Nxb5 c6 12. Na3 0-0 13. c4 Nh5 14. Rad1 Bf6 15. Qd2 Re8 16. f3 Bxb2 17. Qxb2 Qb6+ 18. Qd4 Qa5 1/2-1/2

[Event "HUN-chT2 Charousek 1415"]
[Site "Hungary"]
[Date "2014.12.14"]
[Round "4"]
[White "Nagy, Zoltan"]
[Black "Sugar, Gabor"]
[Result "0-1"]
[WhiteElo "2121"]
[BlackElo "2210"]
[PlyCount "80"]
[EventDate "2014.10.12"]
[EventType "team-tourn"]
[EventRounds "9"]
[EventCountry "HUN"]
[SourceTitle "EXT 2016"]
[Source "ChessBase"]
[SourceDate "2015.10.08"]
[SourceVersion "1"]
[SourceVersionDate "2015.10.08"]
[SourceQuality "1"]
[WhiteTeam "Tapolca"]
[BlackTeam "Biatorbagy"]
[WhiteTeamCountry "HUN"]
[BlackTeamCountry "HUN"]

1. e4 e5 2. Nf3 Nc6 3. Bc4 Nf6 4. d3 Bc5 5. c3 d6 6. b4 Bb6 7. a4 a6 8. 0-0 0-0 9. h3 h6 10. Nbd2 Re8 11. Qb3 Qe7 12. a5 Ba7 13. b5 axb5 14. Bxb5 Bd7 15. Re1 Bb6 16. Bxc6 Bxc6 17. Nc4 Qe6 18. Bxh6 Bxf2+ 19. Kxf2 gxh6 20. g4 Nd7 21. Ncd2 Nc5 22. Qc2 d5 23. Nh4 Red8 24. Re3 dxe4 25. Nxe4 Bxe4 26. dxe4 b6 27. Nf5 Rxa5 28. Rxa5 bxa5 29. c4 a4 30. g5 hxg5 31. Rg3 Rd2+ 32. Qxd2 Nxe4+ 33. Ke3 Nxd2 34. Rxg5+ Kf8 35. Kxd2 Qxc4 36. Rh5 Ke8 37. Ne3 Qd4+ 38. Ke2 a3 39. Rh8+ Kd7 40. Nc2 Qc3 0-1

[Event "HUN-chT2 Breyer 1314"]
[Site "Hungary"]
[Date "2014.03.23"]
[Round "7"]
[White "Rosta, Sandor"]
[Black "Sugar, Gabor"]
[Result "1/2-1/2"]
[WhiteElo "2072"]
[BlackElo "2191"]
[PlyCount "68"]
[EventDate "2013.09.08"]
[EventType "team-tourn"]
[EventRounds "9"]
[EventCountry "HUN"]
[SourceTitle "EXT 2016"]
[Source "ChessBase"]
[SourceDate "2015.10.08"]
[SourceVersion "1"]
[SourceVersionDate "2015.10.08"]
[SourceQuality "1"]
[WhiteTeam "Szazhalombatta"]
[BlackTeam "Biatorbagy"]
[WhiteTeamCountry "HUN"]
[BlackTeamCountry "HUN"]

1. e4 c5 2. c3 Nf6 3. e5 Nd5 4. d4 cxd4 5. cxd4 e6 6. Nf3 d6 7. Nc3 Nxc3 8. bxc3 Qc7 9. Qc2 Nd7 10. exd6 Bxd6 11. Bd3 b6 12. Bd2 Bb7 13. Be4 Bxe4 14. Qxe4 Rc8 15. 0-0 Nf6 16. Qh4 0-0 17. a4 Qc4 18. Rfe1 Nd5 19. Ng5 Qd3 20. Rad1 Qg6 21. Qh3 Be7 22. Re5 Bxg5 23. Rxg5 Qc2 24. Qg4 g6 25. h4 Nxc3 26. Bxc3 Rxc3 27. a5 b5 28. Re1 b4 29. h5 f5 30. Rxg6+ hxg6 31. Qxg6+ Kh8 32. Qh6+ Kg8 33. Qg6+ Kh8 34. Qh6+ Kg8 1/2-1/2

[Event "HUN-chT2 Breyer 1314"]
[Site "Hungary"]
[Date "2013.10.20"]
[Round "3"]
[White "Toth, Balazs1111"]
[Black "Sugar, Gabor"]
[Result "0-1"]
[WhiteElo "1955"]
[BlackElo "2191"]
[PlyCount "62"]
[EventDate "2013.09.08"]
[EventType "team-tourn"]
[EventRounds "9"]
[EventCountry "HUN"]
[SourceTitle "EXT 2016"]
[Source "ChessBase"]
[SourceDate "2015.10.08"]
[SourceVersion "1"]
[SourceVersionDate "2015.10.08"]
[SourceQuality "1"]
[WhiteTeam "Gyor Komszomol"]
[BlackTeam "Biatorbagy"]
[WhiteTeamCountry "HUN"]
[BlackTeamCountry "HUN"]

1. b3 d5 2. Nf3 Nf6 3. Bb2 c5 4. e3 e6 5. Be2 Nc6 6. 0-0 Be7 7. d3 0-0 8. Nbd2 b6 9. c4 d4 10. exd4 cxd4 11. Ng5 Nd7 12. Nge4 f5 13. Ng3 Bb7 14. f4 Qc7 15. Nf3 Qxf4 16. Kh1 Qd6 17. a4 a5 18. Ba3 Nc5 19. Nd2 Bg5 20. Bxc5 bxc5 21. Nf3 Be3 22. Ng1 Rf6 23. Bf3 Rh6 24. Nh3 Qc7 25. Nxf5 exf5 26. Bd5+ Kh8 27. Rxf5 Ne7 28. Rf7 Rxh3 29. gxh3 Nxd5 30. Qf3 Ne7 31. Rf1 Rb8 0-1

[Event "HUN-chT2 Breyer 1213"]
[Site "Hungary"]
[Date "2012.12.02"]
[Round "5.6"]
[White "Sugar, Gabor"]
[Black "Gyebnar, Andras"]
[Result "1-0"]
[WhiteElo "2149"]
[BlackElo "1908"]
[PlyCount "32"]
[EventDate "2012.09.16"]
[EventType "team-tourn"]
[EventRounds "11"]
[EventCountry "HUN"]
[SourceTitle "EXT 2014"]
[Source "ChessBase"]
[SourceDate "2013.11.20"]
[SourceVersion "1"]
[SourceVersionDate "2013.11.20"]
[SourceQuality "1"]
[WhiteTeam "Biatorbagy"]
[BlackTeam "Esztergom"]
[WhiteTeamCountry "HUN"]
[BlackTeamCountry "HUN"]

1. e4 c5 2. Nc3 g6 3. g3 Bg7 4. Bg2 Nc6 5. d3 e6 6. Be3 b6 7. Qd2 Nge7 8. Bh6 0-0 9. h4 Bb7 10. h5 f5 11. hxg6 hxg6 12. Nf3 Nd4 13. Nxd4 cxd4 14. Nb5 d5 15. e5 f4 16. Bxg7 Kxg7 1-0

[Event "HUN-chT2 Breyer 1213"]
[Site "Hungary"]
[Date "2012.10.07"]
[Round "2.6"]
[White "Sugar, Gabor"]
[Black "Papp, Gabor1111"]
[Result "1-0"]
[WhiteElo "2149"]
[BlackElo "1887"]
[PlyCount "73"]
[EventDate "2012.09.16"]
[EventType "team-tourn"]
[EventRounds "11"]
[EventCountry "HUN"]
[SourceTitle "EXT 2014"]
[Source "ChessBase"]
[SourceDate "2013.11.20"]
[SourceVersion "1"]
[SourceVersionDate "2013.11.20"]
[SourceQuality "1"]
[WhiteTeam "Biatorbagy"]
[BlackTeam "Gyor Komszomol"]
[WhiteTeamCountry "HUN"]
[BlackTeamCountry "HUN"]

1. d4 d5 2. Nf3 Nf6 3. Bf4 e6 4. e3 Bd6 5. Bd3 Bxf4 6. exf4 c5 7. dxc5 Qa5+ 8. Qd2 Qxc5 9. 0-0 b6 10. Re1 0-0 11. Na3 g6 12. c4 Bb7 13. Rac1 Nbd7 14. Ne5 Rfd8 15. b4 Qf8 16. Nb5 a6 17. Nd4 Qh6 18. Nxd7 Rxd7 19. c5 bxc5 20. bxc5 Rc7 21. c6 Bc8 22. Nf3 Nh5 23. Ng5 Qf8 24. Be2 Ng7 25. Nf3 Qd6 26. Nd4 Nf5 27. Nxf5 gxf5 28. Qc3 Qxf4 29. Qf6 Qd6 30. Rc3 f4 31. Bd3 Rxc6 32. Bxh7+ Kf8 33. Bg6 Ke8 34. Bxf7+ Kd7 35. Rxe6 Qxe6 36. Bxe6+ Rxe6 37. Qf7+ 1-0

[Event "HUN-chT2 Breyer 1112"]
[Site "Hungary"]
[Date "2012.02.19"]
[Round "6.5"]
[White "Toth, Gyula"]
[Black "Sugar, Gabor"]
[Result "0-1"]
[WhiteElo "2095"]
[BlackElo "2126"]
[PlyCount "60"]
[EventDate "2011.09.25"]
[EventType "team-tourn"]
[EventRounds "11"]
[EventCountry "HUN"]
[SourceTitle "EXT 2013"]
[Source "ChessBase"]
[SourceDate "2012.11.22"]
[SourceVersion "1"]
[SourceVersionDate "2012.11.22"]
[SourceQuality "1"]
[WhiteTeam "Zoltek"]
[BlackTeam "Zsambek"]
[WhiteTeamCountry "HUN"]
[BlackTeamCountry "HUN"]

1. e4 e5 2. Nc3 Nf6 3. g3 Bc5 4. Bg2 d6 5. Nge2 Nc6 6. Na4 Be6 7. Nxc5 dxc5 8. d3 0-0 9. 0-0 Qe7 10. h3 c4 11. Be3 Rfd8 12. f4 cxd3 13. cxd3 Bc4 14. fxe5 Nxe5 15. d4 c5 16. Rf5 cxd4 17. Nxd4 Nc6 18. b3 Be6 19. Rf1 Nxd4 20. Bxd4 Qb4 21. Qf3 Rxd4 22. Rae1 Rc8 23. g4 Rc3 24. Qf4 Rc2 25. Qb8+ Qf8 26. Qxa7 Rdd2 27. Bf3 Rxa2 28. Ra1 Rxa7 29. Rxa7 Qb8 30. e5 Qxa7+ 0-1

[Event "HUN-chT2 Breyer 1011"]
[Site "Hungary"]
[Date "2011.03.27"]
[Round "7.4"]
[White "Sugar, Gabor"]
[Black "Papista, Akos"]
[Result "0-1"]
[WhiteElo "2131"]
[BlackElo "2177"]
[PlyCount "96"]
[EventDate "2010.09.12"]
[EventType "team-tourn"]
[EventRounds "11"]
[EventCountry "HUN"]
[SourceTitle "EXT 2012"]
[Source "ChessBase"]
[SourceDate "2011.11.24"]
[SourceVersion "1"]
[SourceVersionDate "2011.11.24"]
[SourceQuality "1"]
[WhiteTeam "Zsambek"]
[BlackTeam "Biatorbagy"]
[WhiteTeamCountry "HUN"]
[BlackTeamCountry "HUN"]

1. e4 e5 2. Nf3 Nc6 3. c3 Nf6 4. d4 Nxe4 5. d5 Nb8 6. Bd3 Nc5 7. Bc2 d6 8. 0-0 Bg4 9. Re1 Be7 10. Be3 b6 11. b4 Ncd7 12. h3 Bh5 13. Nbd2 0-0 14. Qb1 Bg6 15. Bxg6 hxg6 16. c4 f5 17. Nb3 a5 18. b5 a4 19. Nc1 Nc5 20. Ne2 Nbd7 21. Qc2 Bf6 22. Rad1 Ne4 23. a3 Ndc5 24. Nc1 g5 25. Nh2 Qd7 26. f3 Ng3 27. Bxc5 bxc5 28. Ne2 Nxe2+ 29. Rxe2 Rfe8 30. Rde1 Kf7 31. Nf1 Rh8 32. Nh2 Rh4 33. Rd1 g6 34. Rde1 Qd8 35. Nf1 Qh8 36. Nh2 Rd4 37. Nf1 Qh4 38. Ne3 Qg3 39. Nf1 Qf4 40. Ne3 Kg7 41. Rc1 e4 42. fxe4 Rxe4 43. Rf1 Qe5 44. Rxf5 gxf5 45. Nxf5+ Qxf5 46. Rxe4 Bd4+ 47. Kh2 Be5+ 48. Kg1 Rf8 0-1

[Event "HUN-chT2 Breyer 0910"]
[Site "Hungary"]
[Date "2009.11.08"]
[Round "1"]
[White "Sugar, Gabor"]
[Black "Kovacs, Geza"]
[Result "1-0"]
[WhiteElo "2078"]
[BlackElo "2092"]
[PlyCount "75"]
[EventDate "2009.11.08"]
[EventType "team-tourn"]
[EventRounds "11"]
[EventCountry "HUN"]
[SourceTitle "EXT 2011"]
[Source "ChessBase"]
[SourceDate "2010.11.26"]
[SourceVersion "1"]
[SourceVersionDate "2010.11.26"]
[SourceQuality "1"]
[WhiteTeam "Zsambek"]
[BlackTeam "Esztergom"]
[WhiteTeamCountry "HUN"]
[BlackTeamCountry "HUN"]

1. e4 c5 2. Nc3 Nc6 3. g3 g6 4. Bg2 Bg7 5. d3 d6 6. Be3 f5 7. Nge2 e5 8. 0-0 Nge7 9. Qd2 0-0 10. f4 Nd4 11. fxe5 dxe5 12. Bg5 Qd6 13. exf5 gxf5 14. Rae1 Ng6 15. a4 a6 16. a5 Rb8 17. Nd5 Bd7 18. Nec3 Bc6 19. Rf2 Ne6 20. Bh6 f4 21. Bxg7 Kxg7 22. Ref1 fxg3 23. hxg3 Rxf2 24. Rxf2 Rf8 25. Ne3 Bxg2 26. Kxg2 Nd4 27. Ne4 Qc6 28. Rxf8 Nxf8 29. Qf2 c4 30. Nxc4 Ng6 31. c3 Nb3 32. Ncd6 Qd5 33. Qf6+ Kg8 34. Qd8+ Nf8 35. Kh2 Qe6 36. g4 Qh6+ 37. Kg2 Qf4 38. Nf6+ 1-0

[Event "HUN-chT2 Breyer 0809"]
[Site "Hungary"]
[Date "2009.03.08"]
[Round "9"]
[White "Sugar, Gabor"]
[Black "Szemeti, Arpad"]
[Result "1-0"]
[WhiteElo "2078"]
[BlackElo "2164"]
[PlyCount "33"]
[EventDate "2008.10.26"]
[EventType "team-tourn"]
[EventRounds "11"]
[EventCountry "HUN"]
[SourceTitle "EXT 2010"]
[Source "ChessBase"]
[SourceDate "2010.11.25"]
[SourceVersion "1"]
[SourceVersionDate "2010.11.25"]
[SourceQuality "1"]
[WhiteTeam "Zsambek"]
[BlackTeam "Geniusz Tata"]
[WhiteTeamCountry "HUN"]
[BlackTeamCountry "HUN"]

1. e4 d6 2. d4 Nf6 3. Nc3 g6 4. f4 c6 5. Nf3 b5 6. e5 b4 7. exf6 bxc3 8. fxe7 Qxe7+ 9. Be2 cxb2 10. Bxb2 Bg7 11. Qd2 Ba6 12. 0-0 0-0 13. Rae1 Qd7 14. c4 c5 15. dxc5 Bxb2 16. Qxb2 Nc6 17. Qa3 1-0

[Event "HUN-chT2 Breyer 0708"]
[Site "Hungary"]
[Date "2008.04.27"]
[Round "10"]
[White "Sugar, Gabor"]
[Black "Malatinszky, Csaba"]
[Result "1-0"]
[WhiteElo "2031"]
[BlackElo "1948"]
[PlyCount "141"]
[EventDate "2007.10.14"]
[EventType "team"]
[EventRounds "11"]
[EventCountry "HUN"]
[SourceTitle "EXT 2009"]
[Source "ChessBase"]
[SourceDate "2008.11.26"]
[SourceVersion "1"]
[SourceVersionDate "2008.11.26"]
[SourceQuality "1"]
[WhiteTeam "Zsambek"]
[BlackTeam "Esztergom"]
[WhiteTeamCountry "HUN"]
[BlackTeamCountry "HUN"]

1. e4 c5 2. Nc3 d6 3. g3 Nc6 4. Bg2 g6 5. d3 Bg7 6. Be3 e6 7. f4 Nge7 8. Nf3 Qb6 9. Rb1 d5 10. Bf2 d4 11. Ne2 Qa5+ 12. Qd2 Qxa2 13. 0-0 Qa5 14. b4 Nxb4 15. Nexd4 Qd8 16. Nb5 b6 17. e5 0-0 18. Nd6 Rb8 19. d4 Qc7 20. c3 Na6 21. Ra1 Nf5 22. Nxc8 Qxc8 23. Rfd1 Rd8 24. g4 Ne7 25. Qe2 Nc7 26. c4 cxd4 27. Bh4 Bf8 28. Rxa7 Rd7 29. Nxd4 Rxd4 30. Rxd4 b5 31. Ra1 b4 32. Qb2 Na6 33. Rad1 Nc6 34. R4d3 Na5 35. Rd8 Qc5+ 36. Bf2 Qc7 37. Rxb8 Qxb8 38. Rc1 Nc5 39. Bxc5 Bxc5+ 40. Kh1 Qd8 41. Qc2 Qd4 42. Qa2 Bb6 43. Qa4 b3 44. Qe8+ Kg7 45. f5 gxf5 46. gxf5 Qxe5 47. Rf1 Bc7 48. f6+ Kh6 49. Qf8+ Kg5 50. Qg7+ Kh4 51. Qxh7+ Qh5 52. Qxh5+ Kxh5 53. c5 b2 54. Rb1 Be5 55. c6 Nc4 56. Be4 Nd2 57. Rxb2 Bxb2 58. c7 Nxe4 59. c8Q Bxf6 60. Qg8 Ng5 61. Kg2 Be5 62. Qc8 Kg6 63. h4 Ne4 64. Qc4 Nf6 65. Kf3 Bd6 66. Qd3+ Kh5 67. Qxd6 Nd5 68. Qd8 Kg6 69. Qg5+ Kh7 70. h5 Kh8 71. h6 1-0

[Event "HUN-chT2 Breyer 0708"]
[Site "Hungary"]
[Date "2007.12.09"]
[Round "4"]
[White "Sugar, Gabor"]
[Black "Bokros, Norbert"]
[Result "1/2-1/2"]
[WhiteElo "2031"]
[BlackElo "1894"]
[PlyCount "76"]
[EventDate "2007.10.14"]
[EventType "team"]
[EventRounds "11"]
[EventCountry "HUN"]
[SourceTitle "EXT 2009"]
[Source "ChessBase"]
[SourceDate "2008.11.26"]
[SourceVersion "1"]
[SourceVersionDate "2008.11.26"]
[SourceQuality "1"]
[WhiteTeam "Zsambek"]
[BlackTeam "Turul"]
[WhiteTeamCountry "HUN"]
[BlackTeamCountry "HUN"]

1. e4 c5 2. Nf3 e6 3. d4 cxd4 4. Nxd4 a6 5. Nc3 Qc7 6. Be3 Nf6 7. Be2 Bb4 8. Bd2 Bxc3 9. Bxc3 Nxe4 10. Bb4 d6 11. Bf3 Nc5 12. Nb3 Nc6 13. Bd2 Nxb3 14. axb3 0-0 15. 0-0 Bd7 16. Re1 Rac8 17. Bc3 Rfd8 18. Bh5 Ne5 19. Qd2 Be8 20. Rad1 Ng6 21. Be2 d5 22. Bh5 d4 23. Bxd4 e5 24. Bxg6 Rxd4 25. Bd3 Rcd8 26. Qe2 f6 27. c3 R4d6 28. Qc2 g6 29. Qe2 Kg7 30. Bc2 Bf7 31. Rxd6 Rxd6 32. Rd1 Qc6 33. Rxd6 Qxd6 34. Qd1 Qc6 35. b4 Bd5 36. Qg4 e4 37. Qg3 Bc4 38. Qe3 Bd5 1/2-1/2

[Event "HUN-chT2 Breyer 0708"]
[Site "Hungary"]
[Date "2007.11.25"]
[Round "3"]
[White "Banhazi, Istvan"]
[Black "Sugar, Gabor"]
[Result "0-1"]
[WhiteElo "2133"]
[BlackElo "2031"]
[PlyCount "42"]
[EventDate "2007.10.14"]
[EventType "team"]
[EventRounds "11"]
[EventCountry "HUN"]
[SourceTitle "EXT 2009"]
[Source "ChessBase"]
[SourceDate "2008.11.26"]
[SourceVersion "1"]
[SourceVersionDate "2008.11.26"]
[SourceQuality "1"]
[WhiteTeam "MAFC"]
[BlackTeam "Zsambek"]
[WhiteTeamCountry "HUN"]
[BlackTeamCountry "HUN"]

1. d4 Nf6 2. c4 g6 3. Nc3 d5 4. cxd5 Nxd5 5. Bd2 Bg7 6. e4 Nb6 7. Be3 0-0 8. f4 Nc6 9. d5 Na5 10. Bd4 Bh6 11. g3 c6 12. b4 Nac4 13. dxc6 bxc6 14. Be2 Nb2 15. Qd2 N6c4 16. Bxc4 Nxc4 17. Qf2 e5 18. Bc5 Qd3 19. Rc1 Rd8 20. h4 Bg4 21. Rh2 Qxc3+ 0-1

[Event "HUN-chT2 Breyer 0708"]
[Site "Hungary"]
[Date "2007.11.11"]
[Round "2"]
[White "Kiss, Kinga"]
[Black "Sugar, Gabor"]
[Result "1/2-1/2"]
[WhiteElo "2060"]
[BlackElo "2031"]
[PlyCount "125"]
[EventDate "2007.10.14"]
[EventType "team"]
[EventRounds "11"]
[EventCountry "HUN"]
[SourceTitle "EXT 2009"]
[Source "ChessBase"]
[SourceDate "2008.11.26"]
[SourceVersion "1"]
[SourceVersionDate "2008.11.26"]
[SourceQuality "1"]
[WhiteTeam "Geniusz Tata"]
[BlackTeam "Zsambek"]
[WhiteTeamCountry "HUN"]
[BlackTeamCountry "HUN"]

1. e4 c6 2. d4 d5 3. e5 Bf5 4. Nc3 e6 5. g4 Bg6 6. Nge2 c5 7. h4 h5 8. Nf4 Ne7 9. Nb5 Nec6 10. Nxg6 fxg6 11. Bd3 a6 12. Bxg6+ Kd7 13. Nd6 Bxd6 14. exd6 Qf6 15. gxh5 Nxd4 16. Rh3 Rf8 17. Be3 Kxd6 18. Bxd4 cxd4 19. Qe2 Nc6 20. 0-0-0 Qxf2 21. Qxf2 Rxf2 22. Rg3 Rc8 23. a3 Ne5 24. Bh7 d3 25. c3 Nc4 26. Bxd3 Nxb2 27. Rd2 Nxd3+ 28. Rdxd3 Rc7 29. Rg6 Rh2 30. h6 gxh6 31. Rxh6 Ra2 32. h5 Rf7 33. Kb1 Rh2 34. Rd1 b5 35. Re1 Re7 36. Rh8 e5 37. h6 Kc5 38. Rc8+ Kb6 39. Rd8 Rxh6 40. Rxd5 e4 41. Re3 a5 42. Rd2 Kc5 43. Kc2 Rf6 44. Rde2 Rf4 45. Kd1 Kd5 46. Rd2+ Ke5 47. Rde2 Rc7 48. Rb2 Rc5 49. Rbe2 Rh4 50. Kd2 Rc4 51. Kc2 b4 52. axb4 axb4 53. Kb3 Rxc3+ 54. Rxc3 bxc3 55. Kxc3 Rh3+ 56. Kd2 Kd4 57. Re1 Ra3 58. Rb1 Ra2+ 59. Ke1 Ke3 60. Rb3+ Kf4 61. Kf1 e3 62. Rb8 Ra5 63. Rf8+ 1/2-1/2

[Event "HUN-chT2 Breyer 0607"]
[Site "Hungary"]
[Date "2007.03.25"]
[Round "7"]
[White "Sugar, Gabor"]
[Black "Katona, Ferenc Jr"]
[Result "1-0"]
[WhiteElo "1960"]
[BlackElo "1888"]
[PlyCount "57"]
[EventDate "2006.11.12"]
[EventType "team"]
[EventRounds "11"]
[EventCountry "HUN"]
[SourceTitle "EXT 2008"]
[Source "ChessBase"]
[SourceDate "2007.11.25"]
[SourceVersion "1"]
[SourceVersionDate "2007.11.25"]
[SourceQuality "1"]
[WhiteTeam "Zsambek"]
[BlackTeam "Kiraly Sakk"]
[WhiteTeamCountry "HUN"]
[BlackTeamCountry "HUN"]

1. d4 d5 2. Nf3 e6 3. c4 f5 4. Nc3 Nf6 5. Bg5 Be7 6. e3 c6 7. Bd3 0-0 8. 0-0 Ne4 9. Bxe7 Qxe7 10. Rc1 Nd7 11. Ne2 g5 12. Qc2 Qg7 13. Nd2 Ndf6 14. f3 Nxd2 15. Qxd2 Kh8 16. Qb4 Rg8 17. Qd6 Bd7 18. Ng3 Raf8 19. cxd5 cxd5 20. Qe5 f4 21. Ne2 Ne8 22. e4 Bc6 23. Qxe6 g4 24. fxg4 Nf6 25. e5 Nxg4 26. Nxf4 Ne3 27. Ng6+ hxg6 28. Qh3+ Qh7 29. Qxe3 1-0

[Event "HUN-chT2 Breyer 0607"]
[Site "Hungary"]
[Date "2007.03.04"]
[Round "6"]
[White "Lugasi, Zoltan"]
[Black "Sugar, Gabor"]
[Result "0-1"]
[WhiteElo "2080"]
[BlackElo "1960"]
[PlyCount "56"]
[EventDate "2006.11.12"]
[EventType "team"]
[EventRounds "11"]
[EventCountry "HUN"]
[SourceTitle "EXT 2008"]
[Source "ChessBase"]
[SourceDate "2007.11.25"]
[SourceVersion "1"]
[SourceVersionDate "2007.11.25"]
[SourceQuality "1"]
[WhiteTeam "Geniusz Tata"]
[BlackTeam "Zsambek"]
[WhiteTeamCountry "HUN"]
[BlackTeamCountry "HUN"]

1. e4 c5 2. Nf3 d6 3. d4 cxd4 4. Qxd4 Nc6 5. Bb5 Bd7 6. Bxc6 Bxc6 7. Nc3 Nf6 8. Bg5 e6 9. 0-0-0 h6 10. Bh4 Be7 11. Rhg1 0-0 12. g4 g5 13. Bg3 d5 14. Be5 dxe4 15. Qe3 Nd5 16. Nxd5 Bxd5 17. Nd2 Qa5 18. a3 Qa4 19. Kb1 Rac8 20. c4 Bxc4 21. Nxe4 Rfd8 22. Nc3 Qb3 23. Bd4 Bxa3 24. Rd2 f6 25. Bxf6 Rd3 26. Qe1 Kf7 27. Be5 Rcd8 28. Rc2 Rxc3 0-1

[Event "HUN-chT2 Breyer 0607"]
[Site "Hungary"]
[Date "2006.11.12"]
[Round "1"]
[White "Sugar, Gabor"]
[Black "Lantos, Attila"]
[Result "1/2-1/2"]
[WhiteElo "1960"]
[BlackElo "2039"]
[PlyCount "46"]
[EventDate "2006.11.12"]
[EventType "team"]
[EventRounds "11"]
[EventCountry "HUN"]
[SourceTitle "EXT 2008"]
[Source "ChessBase"]
[SourceDate "2007.11.25"]
[SourceVersion "1"]
[SourceVersionDate "2007.11.25"]
[SourceQuality "1"]
[WhiteTeam "Zsambek"]
[BlackTeam "Penzugyor II"]
[WhiteTeamCountry "HUN"]
[BlackTeamCountry "HUN"]

1. d4 c5 2. d5 e5 3. dxe6 fxe6 4. e4 Nc6 5. Nf3 d6 6. Bb5 a6 7. Bxc6+ bxc6 8. 0-0 e5 9. Nxe5 dxe5 10. Qh5+ Kd7 11. Rd1+ Bd6 12. Qxe5 Kc7 13. Qxg7+ Ne7 14. e5 Kb6 15. exd6 Nd5 16. Nc3 Rg8 17. Na4+ Ka5 18. b3 Rxg7 19. Bd2+ Nb4 20. a3 Rxg2+ 21. Kxg2 Qg8+ 22. Kh1 Qd5+ 23. Kg1 Qg8+ 1/2-1/2